000 00674nam a2200193Ia 4500
003 GCL
008 140319s9999 xx 000 0 ara d
040 _aGCL /
_cGCL
082 0 4 _a001.6424
_bف ت
100 1 _aفاروق محمد العامرى
245 1 0 _aتشغيل الحاسبات I. B. M والحاسبات المتوافقة معها Dos /
_cفاروق محمد العامرى
260 _a[S.N] :
_bمكتبة الدار العربية للكتاب ،
_c1994
300 _a117 ص
490 _a
650 0 4 _aالحاسبات الالكترونية
650 0 4 _aدوس
650 0 4 _aبرامج الحاسبات الالكترونية
942 _2ddc
_cBK
999 _c53369
_d53369